Statistics for Music Scales by Interval

Click here to take the quiz!

General Stats

  • This quiz has been taken 17 times
  • The average score is 7 of 24

Answer Stats

HintAnswer% Correct
Major2212221
100%
Natural Minor2122122
83%
Chromatic111111111111
50%
Harmonic Minor2122131
50%
Whole Tone222222
50%
Phrygian1222122
42%
Dorian2122212
42%
Melodic Minor2122221
42%
Mixolydian2212212
42%
Lydian2221221
42%
Minor Pentatonic32232
42%
Locrian1221222
33%
Major Pentatonic22323
33%
Minor Arpeggio345
8%
Dominant 7th4332
8%
Major Arpeggio435
8%
Klezmer1312122
0%
Phrygian Dominant1312122
0%
Insen14232
0%
Major Blues211323
0%
Acoustic2221212
0%
Japanese Yo23223
0%
Yosen23232
0%
Minor Blues321132
0%

Score Distribution

Percentile by Number Answered

Percent of People with Each Score

Your Score History

You have not taken this quiz